00617 a2200169 4500020001500000040001300015082001300028100001700041245004800058260004300106300003500149500001900184650005500203942002600258999001500284952014800299 a8129705397 aDLCbDLC a621.3824 aRaju, G.S.N. aAntennas and wave propagationcRaju G. S. N aNew Delhi :bPearson Education,c2005. axxii, 487 p. :bill. ;c24 cm. aIncludes Index a1.Antennas (Electronics).2.Radio wave propagation. cBKk621.3824 RAJ2ddc c8835d8835 001040708NFICaCLbCLcGENd2008-02-21eAllied Book Companyg205.50l1m1o621.3824 RAJpSEECS006993r2016-01-12s2015-10-30w2017-01-05yBK